000 00582nam a2200181Ia 4500
003 GCL
008 140319s9999 xx 000 0 ara d
040 _aGCL /
_cGCL
082 0 4 _a110
_bج م
100 1 _aجلال محمد موسى
245 1 0 _aمنهج البحث العلمى عند العرب فى مجال العلوم الطبيعية والكونية /
_cجلال محمد موسى
260 _a[S.N] :
_bدار الكتاب اللبنانى ،
_c1982
300 _a300 ص
490 _a
650 0 4 _aالفلسفة
650 0 4 _aالكونيات
942 _2ddc
_cBK
999 _c53576
_d53576